|
|
|
|
| LEADER |
00000nab a2200000 a 4500 |
| 001 |
vtls000776701 |
| 005 |
20260415105707.0 |
| 008 |
140402c2001 xo 0 cze |
| 015 |
|
|
|a SNBRB2002/01-00223
|
| 035 |
|
|
|a CLN000128487
|
| 040 |
|
|
|a SNKBUCL
|b slo
|c SNKBUCL
|e AACR2
|
| 041 |
0 |
|
|a cze
|
| 044 |
|
|
|a xo
|c SK
|
| 080 |
|
|
|a 616.13-004.6:061.3
|2 1997
|
| 100 |
1 |
|
|a Votruba, Miloš
|4 aut
|9 912400
|
| 245 |
1 |
0 |
|a Česká Třebová vstoupila do dalšího milénia - a líbila se
|c Miloš Votruba
|
| 648 |
|
7 |
|a 2000
|2 snkbucl
|9 295137
|
| 650 |
0 |
7 |
|a ateroskleróza
|2 snkbucl
|9 2428
|
| 650 |
0 |
7 |
|a cievny endotel
|2 snkbucl
|9 1251821
|
| 650 |
0 |
7 |
|a zápal
|2 snkbucl
|9 2621
|
| 650 |
0 |
7 |
|a faktory rizikové
|2 snkbucl
|9 838956
|
| 650 |
0 |
7 |
|a voľné radikály
|2 snkbucl
|9 83444
|
| 650 |
0 |
7 |
|a homocysteín
|2 snkbucl
|9 16568
|
| 650 |
0 |
7 |
|a kongresy
|2 snkbucl
|9 19200
|
| 655 |
|
7 |
|a články z novín a časopisov
|2 snkbucl
|9 267496
|
| 773 |
0 |
|
|t Ateroskleróza
|g Roč. 5, č. 2 (2001), s. 121-122
|x 1335-2253
|
| 852 |
|
|
|a SNK
|
| 958 |
|
|
|a MI
|
| 958 |
|
|
|a CZ
|
| 999 |
|
|
|c 2547883
|d 2549813
|